000 00273nam a22001217a 4500
008 170502b xxu||||| |||| 00| 0 eng d
041 _aeng
080 _24 ED
_a34
100 _a13
101 _ashj
245 _aFEDERAL PRACTIKE DIEGEST
_cWEISTHAM.M
942 _2udc
_cBK
999 _c12461
_d12461